[Event "Oberliga Ost-A 2324"]
[Site "Germany"]
[Date "2024.02.24"]
[Round "6.7"]
[White "Pietzsch, Manuel"]
[Black "Proehl, Holger"]
[Result "0-1"]
[WhiteElo "2060"]
[BlackElo "2329"]
[PlyCount "53"]
[EventDate "2023.10.22"]
[EventType "team-tourn"]
[EventRounds "11"]
[EventCountry "GER"]
[SourceTitle "EXT 2025"]
[Source "ChessBase"]
[SourceDate "2024.10.14"]
[SourceVersion "1"]
[SourceVersionDate "2024.10.14"]
[SourceQuality "1"]
[WhiteTeam "Leipzig SG"]
[BlackTeam "Loeberitz"]
[WhiteTeamCountry "GER"]
[BlackTeamCountry "GER"]

1. e4 d5 2. exd5 Nf6 3. Nf3 Nxd5 4. d4 c6 5. c4 Nf6 6. Nc3 Bg4 7. Be3 e6 8. h3 Bh5 9. g4 Bg6 10. Ne5 Nbd7 11. Nxg6 hxg6 12. Bg2 Bd6 13. Qe2 0-0 14. 0-0 e5 15. d5 cxd5 16. cxd5 a6 17. Rfd1 Qe7 18. Bg5 Rac8 19. Ne4 Nc5 20. Rac1 Ncxe4 21. Bxe4 Qd7 22. Bxf6 gxf6 23. Rxc8 Rxc8 24. Rd3 Rc1+ 25. Kg2 Qb5 26. Qd2 Qc4 27. f3 0-1

[Event "Oberliga Ost-A 2324"]
[Site "Germany"]
[Date "2023.10.22"]
[Round "1.8"]
[White "Pietzsch, Manuel"]
[Black "Agnello, Francesco Claudio"]
[Result "1/2-1/2"]
[WhiteElo "2060"]
[BlackElo "2050"]
[PlyCount "23"]
[EventDate "2023.10.22"]
[EventType "team-tourn"]
[EventRounds "11"]
[EventCountry "GER"]
[SourceTitle "EXT 2025"]
[Source "ChessBase"]
[SourceDate "2024.10.14"]
[SourceVersion "1"]
[SourceVersionDate "2024.10.14"]
[SourceQuality "1"]
[WhiteTeam "Leipzig SG"]
[BlackTeam "Leipzig SG II"]
[WhiteTeamCountry "GER"]
[BlackTeamCountry "GER"]

1. e4 c5 2. Nf3 Nc6 3. b4 Nxb4 4. c3 Nc6 5. d4 cxd4 6. cxd4 g6 7. Bc4 Bg7 8. 0-0 d6 9. Nc3 Nf6 10. Rb1 0-0 11. Qe2 Bg4 12. Rd1 1/2-1/2

[Event "GER CupT"]
[Site "Germany"]
[Date "2023.03.11"]
[Round "3.3"]
[White "Meier, Lars"]
[Black "Pietzsch, Manuel"]
[Result "1-0"]
[WhiteElo "2035"]
[BlackElo "2095"]
[PlyCount "133"]
[EventDate "2023.01.28"]
[EventType "team-k.o."]
[EventRounds "4"]
[EventCountry "GER"]
[SourceTitle "EXT 2024"]
[Source "ChessBase"]
[SourceDate "2023.10.10"]
[SourceVersion "1"]
[SourceVersionDate "2023.10.10"]
[SourceQuality "1"]
[WhiteTeam "Grundau"]
[BlackTeam "Leipzig SG"]
[WhiteTeamCountry "GER"]
[BlackTeamCountry "GER"]

1. e4 c5 2. c3 g6 3. d4 cxd4 4. cxd4 d5 5. exd5 Nf6 6. Nc3 Bg7 7. Bc4 0-0 8. Nge2 Nbd7 9. Bb3 Nb6 10. Nf4 Bg4 11. Qd3 Ne8 12. 0-0 Nd6 13. Be3 Rc8 14. Rac1 Qd7 15. h3 Bf5 16. Qe2 h5 17. Nd3 Bxd3 18. Qxd3 Nbc4 19. Na4 b6 20. Bxc4 Qxa4 21. Bb3 Qb5 22. Qxb5 Nxb5 23. Rxc8 Rxc8 24. Rd1 Nd6 25. Rd3 Kf8 26. Kf1 b5 27. Ke2 Ke8 28. Rc3 Rxc3 29. bxc3 Kd7 30. Kd3 Bf6 31. Bc1 Kc7 32. a4 a6 33. axb5 axb5 34. Bd1 Kd7 35. Be2 Kc7 36. Kc2 Kb6 37. Ba3 Ne4 38. f3 Nd6 39. Bd3 Bh4 40. Bc1 Kc7 41. Kb3 Kb6 42. Kb4 Be1 43. Bf4 Nf5 44. Bxf5 gxf5 45. d6 exd6 46. Bxd6 Kc6 47. Bf4 Kd5 48. Bc1 Kc6 49. Ba3 Bd2 50. Kb3 Kd5 51. Bb4 Be1 52. Ba5 Bd2 53. Kb4 Kc6 54. d5+ Kxd5 55. Kxb5 Kd6 56. Bb4+ Kc7 57. Kc5 Bf4 58. Kd5 Kd7 59. c4 Bg3 60. c5 Bf4 61. Bc3 Bc7 62. Be5 Ba5 63. Bd4 Bc7 64. c6+ Ke7 65. Be5 Bb6 66. Bd6+ Kd8 67. Ke5 1-0

[Event "Oberliga Ost-A 2223"]
[Site "Germany"]
[Date "2023.02.04"]
[Round "6.1"]
[White "Burian, Simon"]
[Black "Pietzsch, Manuel"]
[Result "1/2-1/2"]
[WhiteElo "2145"]
[BlackElo "2097"]
[PlyCount "33"]
[EventDate "2022.09.18"]
[EventType "team-tourn"]
[EventRounds "11"]
[EventCountry "GER"]
[SourceTitle "EXT 2025"]
[Source "ChessBase"]
[SourceDate "2024.10.14"]
[SourceVersion "1"]
[SourceVersionDate "2024.10.14"]
[SourceQuality "1"]
[WhiteTeam "Plauen Koenig"]
[BlackTeam "Leipzig SG II"]
[WhiteTeamCountry "GER"]
[BlackTeamCountry "GER"]

1. e4 c5 2. Nf3 Nc6 3. Bb5 g6 4. c3 Nf6 5. Qe2 Bg7 6. 0-0 0-0 7. d4 cxd4 8. cxd4 d5 9. e5 Ne8 10. Nc3 Nc7 11. Bxc6 bxc6 12. Rd1 Bg4 13. h3 Bxf3 14. Qxf3 f6 15. exf6 Bxf6 16. Qe2 Qd6 17. Be3 1/2-1/2

[Event "Oberliga Ost-A 2223"]
[Site "Germany"]
[Date "2022.10.22"]
[Round "2.1"]
[White "Hartge, Gedeon"]
[Black "Pietzsch, Manuel"]
[Result "1/2-1/2"]
[WhiteElo "2254"]
[BlackElo "2098"]
[PlyCount "66"]
[EventDate "2022.09.18"]
[EventType "team-tourn"]
[EventRounds "11"]
[EventCountry "GER"]
[SourceTitle "EXT 2025"]
[Source "ChessBase"]
[SourceDate "2024.10.14"]
[SourceVersion "1"]
[SourceVersionDate "2024.10.14"]
[SourceQuality "1"]
[WhiteTeam "Halle USV"]
[BlackTeam "Leipzig SG II"]
[WhiteTeamCountry "GER"]
[BlackTeamCountry "GER"]

1. d4 Nf6 2. Nf3 g6 3. c4 Bg7 4. Nc3 0-0 5. e4 d6 6. Be2 e5 7. 0-0 Nc6 8. d5 Ne7 9. Bg5 h6 10. Bxf6 Bxf6 11. b4 g5 12. Nd2 Ng6 13. c5 Nf4 14. cxd6 cxd6 15. Nc4 Be7 16. Ne3 Nxe2+ 17. Nxe2 f5 18. exf5 Bxf5 19. Nxf5 Rxf5 20. Qd3 Qf8 21. Rac1 Bd8 22. Ng3 Rf6 23. Nh5 Rf7 24. f3 Bb6+ 25. Kh1 Kh8 26. Qg6 a5 27. b5 Bc5 28. Rc4 b6 29. a4 Raa7 30. h3 Rf5 31. Ng3 Rf6 32. Qh5 Qf7 33. Qxf7 Rfxf7 1/2-1/2

[Event "Feffernitz op 31st"]
[Site "Feffernitz"]
[Date "2022.08.12"]
[Round "8"]
[White "Pietzsch, Manuel"]
[Black "Postlmayer, Jakob"]
[Result "0-1"]
[WhiteElo "2127"]
[BlackElo "2268"]
[PlyCount "130"]
[EventDate "2022.08.06"]
[EventType "swiss"]
[EventRounds "9"]
[EventCountry "AUT"]
[SourceTitle "CBM 209 Extra"]
[Source "ChessBase"]
[SourceDate "2022.09.30"]
[SourceVersion "1"]
[SourceVersionDate "2022.09.30"]
[SourceQuality "1"]

1. e4 c5 2. Nf3 d6 3. d4 cxd4 4. Nxd4 Nf6 5. Nc3 g6 6. Be3 Bg7 7. f3 0-0 8. Qd2 Nc6 9. Bc4 Nxd4 10. Bxd4 Be6 11. Nd5 Bxd5 12. Bxd5 Nxd5 13. Bxg7 Kxg7 14. exd5 Rc8 15. h4 Qc7 16. 0-0-0 Qc4 17. Kb1 h5 18. g4 Rh8 19. Rhe1 hxg4 20. Re4 Qc5 21. fxg4 Rxh4 22. Rxe7 Rxg4 23. Rf1 Rf8 24. Rh1 Rg1+ 25. Rxg1 Qxg1+ 26. Re1 Qc5 27. Qg5 Qf2 28. Qe7 b5 29. Rc1 Qc5 30. Qg5 Qd4 31. Re1 Rc8 32. c3 Qf6 33. Qd2 a5 34. Ka1 Rh8 35. Qd3 b4 36. Rf1 Qe5 37. Qf3 f5 38. cxb4 axb4 39. Qb3 Rh4 40. Rc1 Re4 41. a4 bxa3 42. Qxa3 Re1 43. Rxe1 Qxe1+ 44. Ka2 Qe7 45. Qc3+ Kf7 46. Qh8 Qa7+ 47. Kb1 Qg1+ 48. Ka2 Qg3 49. Qc8 Qe5 50. Qc7+ Kf6 51. Qd8+ Qe7 52. Qh8+ Qg7 53. Qc8 Qf7 54. Qc3+ Kg5 55. Qg3+ Kh6 56. Qxd6 f4 57. Qe5 g5 58. b3 f3 59. Qd6+ Kh5 60. Qh2+ Kg6 61. d6 f2 62. d7 f1Q 63. d8Q Qa7+ 64. Kb2 Qaa1+ 65. Kc2 Qac1# 0-1

[Event "Feffernitz op 31st"]
[Site "Feffernitz"]
[Date "2022.08.08"]
[Round "4"]
[White "Pietzsch, Manuel"]
[Black "Okhotnik, Vladimir"]
[Result "0-1"]
[WhiteElo "2127"]
[BlackElo "2341"]
[PlyCount "80"]
[EventDate "2022.08.06"]
[EventType "swiss"]
[EventRounds "9"]
[EventCountry "AUT"]
[SourceTitle "CBM 209 Extra"]
[Source "ChessBase"]
[SourceDate "2022.09.30"]
[SourceVersion "1"]
[SourceVersionDate "2022.09.30"]
[SourceQuality "1"]

1. e4 d6 2. d4 Nf6 3. Nc3 e5 4. Nf3 Nbd7 5. g4 h6 6. g5 hxg5 7. Bxg5 c6 8. Qd2 b5 9. a3 Be7 10. d5 cxd5 11. exd5 a6 12. 0-0-0 Bb7 13. Rg1 g6 14. h4 Qc7 15. Bh3 Rd8 16. Bxd7+ Rxd7 17. Qd3 Rd8 18. Nd2 Rc8 19. Kb1 Kf8 20. f4 exf4 21. Qd4 Kg7 22. Rde1 Qc5 23. Qxc5 Rxc5 24. Rxe7 Bxd5 25. Ra7 Nh5 26. Be7 Ba8 27. Bxd6 Rf5 28. Re1 Rd8 29. Nde4 f3 30. Ng3 Rxd6 31. Nxf5+ gxf5 32. Rxa8 Ng3 33. Rg1 f4 34. Ne4 Rg6 35. Nf2 Re6 36. Nh1 Kh7 37. Rd8 Re2 38. Nxg3 fxg3 39. Rxg3 f2 40. Rd1 Re1 0-1

[Event "Feffernitz op 31st"]
[Site "Feffernitz"]
[Date "2022.08.07"]
[Round "3"]
[White "Pietzsch, Manuel"]
[Black "Goeschl, Ortrun"]
[Result "1-0"]
[WhiteElo "2127"]
[BlackElo "1872"]
[PlyCount "67"]
[EventDate "2022.08.06"]
[EventType "swiss"]
[EventRounds "9"]
[EventCountry "AUT"]
[SourceTitle "CBM 209 Extra"]
[Source "ChessBase"]
[SourceDate "2022.09.30"]
[SourceVersion "1"]
[SourceVersionDate "2022.09.30"]
[SourceQuality "1"]

1. e4 d5 2. exd5 Qxd5 3. Nc3 Qa5 4. d4 Nf6 5. Bc4 Bg4 6. Nge2 Nc6 7. Bd2 Qh5 8. f3 Bd7 9. Nf4 Qg5 10. Nce2 0-0-0 11. h4 Qh6 12. Ne6 Bxe6 13. Bxe6+ fxe6 14. Bxh6 gxh6 15. Qd3 Kb8 16. 0-0-0 e5 17. d5 h5 18. Qf5 Bh6+ 19. Kb1 Nxd5 20. Qxh5 Be3 21. Nc3 Nf6 22. Rxd8+ Rxd8 23. Qf7 a6 24. Rd1 Rg8 25. g4 h6 26. Ne4 Rc8 27. Nxf6 exf6 28. Qxf6 Bf4 29. c3 Na5 30. Rd8 b6 31. Rxc8+ Kxc8 32. g5 hxg5 33. hxg5 Kb7 34. g6 1-0

[Event "Oberliga Ost-A 2122"]
[Site "Germany"]
[Date "2022.06.19"]
[Round "5.2"]
[White "Pietzsch, Manuel"]
[Black "Niering, Martin"]
[Result "1-0"]
[WhiteElo "2128"]
[BlackElo "2166"]
[PlyCount "63"]
[EventDate "2021.10.10"]
[EventType "team-tourn"]
[EventRounds "11"]
[EventCountry "GER"]
[SourceTitle "EXT 2023"]
[Source "ChessBase"]
[SourceDate "2022.10.05"]
[SourceVersion "1"]
[SourceVersionDate "2022.10.05"]
[SourceQuality "1"]
[WhiteTeam "Leipzig SG II"]
[BlackTeam "Magdeburg Rochade"]
[WhiteTeamCountry "GER"]
[BlackTeamCountry "GER"]

1. e4 e5 2. Nf3 Nc6 3. Bb5 a6 4. Ba4 Nf6 5. Qe2 b5 6. Bb3 Be7 7. c3 0-0 8. 0-0 d6 9. Rd1 Na5 10. Bc2 c5 11. d3 Qc7 12. Nbd2 Re8 13. Nf1 Bf8 14. Bg5 Nd7 15. Rac1 Nb6 16. b4 Nc6 17. Bb3 Ne7 18. Nh4 Ng6 19. Nxg6 hxg6 20. h4 Bb7 21. Ne3 a5 22. h5 gxh5 23. Qxh5 c4 24. Ng4 f5 25. exf5 cxb3 26. Qg6 Kh8 27. Qh5+ Kg8 28. Qg6 Kh8 29. Kh2 d5 30. Rh1 Be7 31. Kg1+ Kg8 32. Nh6+ 1-0

[Event "Oberliga Ost-A 2122"]
[Site "Germany"]
[Date "2022.05.01"]
[Round "3.2"]
[White "Pietzsch, Manuel"]
[Black "Zaehringer, Daniel"]
[Result "1/2-1/2"]
[WhiteElo "2099"]
[BlackElo "2149"]
[PlyCount "25"]
[EventDate "2021.10.10"]
[EventType "team-tourn"]
[EventRounds "11"]
[EventCountry "GER"]
[SourceTitle "EXT 2023"]
[Source "ChessBase"]
[SourceDate "2022.10.05"]
[SourceVersion "1"]
[SourceVersionDate "2022.10.05"]
[SourceQuality "1"]
[WhiteTeam "Leipzig SG II"]
[BlackTeam "Plauen Koenig"]
[WhiteTeamCountry "GER"]
[BlackTeamCountry "GER"]

1. e4 e5 2. Nf3 Nf6 3. d4 Nxe4 4. dxe5 Bc5 5. Bc4 Nxf2 6. Bxf7+ Kxf7 7. Qd5+ Kg6 8. Qxc5 Nxh1 9. Nc3 h6 10. Qc4 Kh7 11. Qe4+ Kg8 12. Qd5+ Kh7 13. Qe4+ 1/2-1/2

[Event "Oberliga Ost-A 2122"]
[Site "Germany"]
[Date "2022.04.02"]
[Round "10.2"]
[White "Hellwig, Tobias"]
[Black "Pietzsch, Manuel"]
[Result "1/2-1/2"]
[WhiteElo "2228"]
[BlackElo "2134"]
[PlyCount "58"]
[EventDate "2021.10.10"]
[EventType "team-tourn"]
[EventRounds "11"]
[EventCountry "GER"]
[SourceTitle "EXT 2023"]
[Source "ChessBase"]
[SourceDate "2022.10.05"]
[SourceVersion "1"]
[SourceVersionDate "2022.10.05"]
[SourceQuality "1"]
[WhiteTeam "Sangerhausen"]
[BlackTeam "Leipzig SG II"]
[WhiteTeamCountry "GER"]
[BlackTeamCountry "GER"]

1. d4 Nf6 2. c4 g6 3. Nc3 Bg7 4. Nf3 0-0 5. g3 d6 6. Bg2 Nbd7 7. 0-0 e5 8. b3 Re8 9. Bb2 e4 10. Ng5 e3 11. f4 h6 12. Nf3 Ng4 13. Qc1 Ndf6 14. Ne1 Nf2 15. Nc2 Nh3+ 16. Kh1 Nf2+ 17. Kg1 Nh3+ 18. Bxh3 Bxh3 19. Rf3 d5 20. Rxe3 dxc4 21. bxc4 Qd7 22. d5 Ng4 23. Rxe8+ Rxe8 24. e3 Qe7 25. Ba3 Qf6 26. Bb2 Qe7 27. Ba3 Qf6 28. Bb2 Qb6 29. Nd1 Bxb2 1/2-1/2

[Event "Heusenstamm Sparkassen op-A 7th"]
[Site "Heusenstamm"]
[Date "2021.11.21"]
[Round "6.25"]
[White "Pauls, Wilhelm"]
[Black "Pietzsch, Manuel"]
[Result "0-1"]
[WhiteElo "1993"]
[BlackElo "2137"]
[PlyCount "30"]
[EventDate "2021.11.18"]
[EventType "swiss"]
[EventRounds "7"]
[EventCountry "GER"]
[SourceTitle "EXT 2023"]
[Source "ChessBase"]
[SourceDate "2022.10.05"]
[SourceVersion "1"]
[SourceVersionDate "2022.10.05"]
[SourceQuality "1"]

1. e4 c5 2. Nf3 d6 3. d4 cxd4 4. Nxd4 Nf6 5. Nc3 g6 6. Be3 Bg7 7. f3 Nc6 8. Bc4 0-0 9. Qd2 Bd7 10. h4 h5 11. 0-0-0 Rb8 12. Bh6 Nxd4 13. Bxg7 Kxg7 14. Qxd4 b5 15. Be2 Qb6 0-1

[Event "Heusenstamm Sparkassen op-A 7th"]
[Site "Heusenstamm"]
[Date "2021.11.20"]
[Round "5.32"]
[White "Pietzsch, Manuel"]
[Black "Plum, Paul"]
[Result "1-0"]
[WhiteElo "2137"]
[BlackElo "1851"]
[PlyCount "83"]
[EventDate "2021.11.18"]
[EventType "swiss"]
[EventRounds "7"]
[EventCountry "GER"]
[SourceTitle "EXT 2023"]
[Source "ChessBase"]
[SourceDate "2022.10.05"]
[SourceVersion "1"]
[SourceVersionDate "2022.10.05"]
[SourceQuality "1"]

1. e4 e5 2. Nf3 Nc6 3. Bb5 Nf6 4. Qe2 d6 5. c3 Be7 6. 0-0 Bg4 7. h3 Bh5 8. d3 0-0 9. Rd1 a6 10. Ba4 Bg6 11. Nbd2 Nd7 12. g4 Nc5 13. Bc2 Ne6 14. Nf1 Ng5 15. Nxg5 Bxg5 16. Ng3 Bxc1 17. Raxc1 Qg5 18. Qe3 Qf6 19. Bb3 Nd8 20. g5 Qe7 21. h4 h6 22. h5 Bxh5 23. Nxh5 hxg5 24. Kg2 Ne6 25. Rh1 g6 26. Bxe6 fxe6 27. Ng3 Rf7 28. Rh6 Raf8 29. Rch1 Rxf2+ 30. Kg1 Qf6 31. Rh8+ Qxh8 32. Rxh8+ Kxh8 33. Qxf2 Rxf2 34. Kxf2 Kg7 35. Kf3 d5 36. Kg4 Kf6 37. Ne2 b5 38. b4 d4 39. cxd4 exd4 40. Nxd4 Ke5 41. Nf3+ Kd6 42. d4 1-0

[Event "Oberliga Ost-A 1819"]
[Site "Germany"]
[Date "2019.04.06"]
[Round "10.3"]
[White "Orsag, Milan"]
[Black "Pietzsch, Manuel"]
[Result "1-0"]
[WhiteElo "2303"]
[BlackElo "2176"]
[PlyCount "73"]
[EventDate "2018.10.21"]
[EventType "team-tourn"]
[EventRounds "11"]
[EventCountry "GER"]
[SourceTitle "EXT 2020"]
[Source "ChessBase"]
[SourceDate "2019.10.17"]
[SourceVersion "1"]
[SourceVersionDate "2019.10.17"]
[SourceQuality "1"]
[WhiteTeam "Hoyerswerda"]
[BlackTeam "Leipzig SG"]
[WhiteTeamCountry "GER"]
[BlackTeamCountry "GER"]

1. d4 Nf6 2. Nf3 e6 3. g3 b5 4. Bg2 Bb7 5. 0-0 c5 6. b3 Be7 7. Bb2 0-0 8. Nbd2 d5 9. dxc5 Bxc5 10. Ne5 Nbd7 11. Nd3 Be7 12. c4 b4 13. cxd5 Bxd5 14. e4 Bb7 15. Re1 Nb6 16. Ne5 Nfd7 17. Nxd7 Qxd7 18. Qg4 g6 19. Rad1 Qb5 20. h4 Rac8 21. Bf1 Qa5 22. Nc4 Nxc4 23. Bxc4 Rfd8 24. Qf4 Ba6 25. Rxd8+ Rxd8 26. Bxa6 Qxa6 27. Qh6 Bf8 28. Qg5 Qd6 29. Qf6 e5 30. Bxe5 Qxf6 31. Bxf6 Rd2 32. Rc1 Rd7 33. g4 h5 34. Rc8 hxg4 35. Kg2 a5 36. Kg3 Ra7 37. Kxg4 1-0

[Event "Oberliga Ost-A 1819"]
[Site "Germany"]
[Date "2019.02.03"]
[Round "7.2"]
[White "Pietzsch, Manuel"]
[Black "Jaeger, Dominik"]
[Result "1-0"]
[WhiteElo "2176"]
[BlackElo "2268"]
[PlyCount "55"]
[EventDate "2018.10.21"]
[EventType "team-tourn"]
[EventRounds "11"]
[EventCountry "GER"]
[SourceTitle "EXT 2020"]
[Source "ChessBase"]
[SourceDate "2019.10.17"]
[SourceVersion "1"]
[SourceVersionDate "2019.10.17"]
[SourceQuality "1"]
[WhiteTeam "Leipzig SG"]
[BlackTeam "Magdeburg Rochade"]
[WhiteTeamCountry "GER"]
[BlackTeamCountry "GER"]

1. e4 e6 2. d4 d5 3. Nc3 dxe4 4. Nxe4 Nf6 5. Nxf6+ Qxf6 6. Nf3 h6 7. h4 c5 8. Bg5 Qf5 9. Bd3 Qg4 10. Be3 Nd7 11. Qe2 cxd4 12. Bxd4 Bc5 13. Bxc5 Nxc5 14. 0-0-0 0-0 15. Qe3 b6 16. Rh3 Nxd3+ 17. Rxd3 Bb7 18. Rg3 Qh5 19. Ne5 Rfd8 20. Nd7 Kh8 21. Qd4 Rg8 22. Nf6 e5 23. Qd6 Qxh4 24. Nxg8 Rxg8 25. Qxe5 Bxg2 26. Rd1 Bc6 27. Rdg1 f6 28. Qc7 1-0

[Event "Forchheim op 17th"]
[Site "Forchheim"]
[Date "2018.09.23"]
[Round "4"]
[White "Pietzsch, Manuel"]
[Black "Von Zimmermann, Georg"]
[Result "1/2-1/2"]
[WhiteElo "2176"]
[BlackElo "2036"]
[PlyCount "95"]
[EventDate "2018.09.21"]
[EventType "swiss"]
[EventRounds "5"]
[EventCountry "GER"]
[SourceTitle "EXT 2019"]
[Source "ChessBase"]
[SourceDate "2018.10.10"]
[SourceVersion "1"]
[SourceVersionDate "2018.10.10"]
[SourceQuality "1"]

1. e4 c5 2. Nf3 Nc6 3. d4 cxd4 4. Nxd4 Nf6 5. Nc3 e5 6. Ndb5 d6 7. Bg5 a6 8. Na3 b5 9. Bxf6 gxf6 10. Nd5 Bg7 11. Bd3 Ne7 12. Nxe7 Qxe7 13. c3 f5 14. Nc2 Qg5 15. Qf3 d5 16. h4 Qf6 17. exd5 e4 18. Qe3 0-0 19. Be2 Bb7 20. Qg5 Bxd5 21. Ne3 Be6 22. 0-0 f4 23. Ng4 Qxg5 24. hxg5 Bxg4 25. Bxg4 Rab8 26. Rad1 b4 27. cxb4 Bxb2 28. Rd6 Rxb4 29. Rxa6 e3 30. Re1 Bd4 31. fxe3 Bxe3+ 32. Kh2 Rb5 33. Rd1 Rxg5 34. Bf3 Kg7 35. Rd5 Rg6 36. Rdd6 Rc8 37. a4 Rc1 38. Rac6 Bg1+ 39. Kh3 Bc5 40. Rxg6+ fxg6 41. Kg4 Be3 42. Rxc1 Bxc1 43. a5 Kf6 44. Bb7 h5+ 45. Kf3 g5 46. a6 Be3 47. Ke4 h4 48. Bc8 1/2-1/2

[Event "Kiel op 31st"]
[Site "Kiel"]
[Date "2018.08.03"]
[Round "9"]
[White "Lorenzen, Jan Hendrik"]
[Black "Pietzsch, Manuel"]
[Result "0-1"]
[WhiteElo "2024"]
[BlackElo "2185"]
[PlyCount "40"]
[EventDate "2018.07.28"]
[EventType "swiss"]
[EventRounds "9"]
[EventCountry "GER"]
[SourceTitle "CBM 185 Extra"]
[Source "ChessBase"]
[SourceDate "2018.07.29"]
[SourceVersion "1"]
[SourceVersionDate "2018.07.29"]
[SourceQuality "1"]

1. e4 c5 2. g3 d5 3. Bg2 dxe4 4. Bxe4 h5 5. h4 Nf6 6. Bg2 Bg4 7. f3 Bf5 8. Ne2 Nc6 9. d3 e6 10. Nbc3 Be7 11. Bg5 Qb6 12. Qd2 Rd8 13. b3 0-0 14. Na4 Qa6 15. 0-0 c4 16. d4 b5 17. Nac3 b4 18. Ne4 c3 19. Qe3 Bxe4 20. fxe4 Ng4 0-1

[Event "Kiel op 31st"]
[Site "Kiel"]
[Date "2018.07.31"]
[Round "6"]
[White "Pietzsch, Manuel"]
[Black "Krause, Jonah"]
[Result "1/2-1/2"]
[WhiteElo "2185"]
[BlackElo "2336"]
[PlyCount "57"]
[EventDate "2018.07.28"]
[EventType "swiss"]
[EventRounds "9"]
[EventCountry "GER"]
[SourceTitle "CBM 185 Extra"]
[Source "ChessBase"]
[SourceDate "2018.07.29"]
[SourceVersion "1"]
[SourceVersionDate "2018.07.29"]
[SourceQuality "1"]

1. e4 c5 2. Nf3 e6 3. d4 cxd4 4. Nxd4 Nc6 5. Nc3 Qc7 6. Be3 a6 7. Qf3 d6 8. Nxc6 bxc6 9. 0-0-0 Nf6 10. g4 Be7 11. g5 Nd7 12. h4 Rb8 13. Kb1 0-0 14. Qg3 Qa5 15. Bc1 d5 16. f4 Bb4 17. Rh3 Nc5 18. e5 Rd8 19. Bg2 Bd7 20. g6 fxg6 21. Ne2 Na4 22. h5 Be8 23. h6 gxh6 24. Nd4 c5 25. Nb3 Qb6 26. Rxh6 Qb7 27. Rdh1 Rd7 28. Bh3 Rg7 29. Bxe6+ 1/2-1/2

[Event "Kiel op 31st"]
[Site "Kiel"]
[Date "2018.07.30"]
[Round "5"]
[White "Pietzsch, Manuel"]
[Black "Isler, Benjamin"]
[Result "1-0"]
[WhiteElo "2185"]
[BlackElo "1885"]
[PlyCount "54"]
[EventDate "2018.07.28"]
[EventType "swiss"]
[EventRounds "9"]
[EventCountry "GER"]
[SourceTitle "CBM 185 Extra"]
[Source "ChessBase"]
[SourceDate "2018.07.29"]
[SourceVersion "1"]
[SourceVersionDate "2018.07.29"]
[SourceQuality "1"]

1. Nf3 e6 2. c4 f5 3. Nc3 Nf6 4. d3 d6 5. g3 g6 6. Bg2 Bg7 7. 0-0 0-0 8. Rb1 Nc6 9. b4 Ne7 10. c5 c6 11. cxd6 Qxd6 12. Bf4 Qd8 13. Qb3 Nfd5 14. Be5 Nxc3 15. Bxc3 Bxc3 16. Qxc3 Nd5 17. Qe5 Nf6 18. Rfc1 Re8 19. b5 Nd7 20. Qd6 cxb5 21. Rxb5 a6 22. Rb2 e5 23. Rc7 Rb8 24. Rbc2 e4 25. dxe4 fxe4 26. Qd5+ Kh8 27. Ng5 Ne5 1-0

[Event "Kiel op 31st"]
[Site "Kiel"]
[Date "2018.07.28"]
[Round "2"]
[White "Kosanke, Stefan"]
[Black "Pietzsch, Manuel"]
[Result "1/2-1/2"]
[WhiteElo "1986"]
[BlackElo "2185"]
[PlyCount "42"]
[EventDate "2018.07.28"]
[EventType "swiss"]
[EventRounds "9"]
[EventCountry "GER"]
[SourceTitle "CBM 185 Extra"]
[Source "ChessBase"]
[SourceDate "2018.07.29"]
[SourceVersion "1"]
[SourceVersionDate "2018.07.29"]
[SourceQuality "1"]

1. d4 Nf6 2. c4 c5 3. d5 b5 4. cxb5 a6 5. b6 Qxb6 6. Nf3 g6 7. Nc3 Bg7 8. a4 a5 9. e4 d6 10. Bb5+ Nbd7 11. Nd2 Qb8 12. Qe2 0-0 13. 0-0 Nb6 14. Re1 Bb7 15. h4 e6 16. Nc4 Nxc4 17. Qxc4 e5 18. Bd2 Qd8 19. Bc6 Qe7 20. Nb5 Rfb8 21. Rad1 Ne8 1/2-1/2

[Event "Leipzig DSAM Cup"]
[Site "Leipzig"]
[Date "2018.06.01"]
[Round "4"]
[White "Pietzsch, Manuel"]
[Black "Ozerov, Ilja"]
[Result "1-0"]
[WhiteElo "2162"]
[BlackElo "2166"]
[PlyCount "92"]
[EventDate "2018.05.31"]
[EventType "swiss"]
[EventRounds "5"]
[EventCountry "GER"]
[SourceTitle "EXT 2019"]
[Source "ChessBase"]
[SourceDate "2018.10.10"]
[SourceVersion "1"]
[SourceVersionDate "2018.10.10"]
[SourceQuality "1"]

1. e4 d5 2. exd5 Nf6 3. Nf3 Bg4 4. Bb5+ Nbd7 5. c4 a6 6. Ba4 b5 7. cxb5 Nxd5 8. h3 Bf5 9. Nc3 N5b6 10. Bc2 Bxc2 11. Qxc2 e6 12. d4 Bb4 13. bxa6 Rxa6 14. 0-0 0-0 15. Be3 Qa8 16. a3 Bxc3 17. Qxc3 Nd5 18. Qd3 Rb8 19. Rab1 Rab6 20. b4 Qa6 21. Rb3 Qxd3 22. Rxd3 Ra6 23. Ne5 Nxe5 24. dxe5 Rba8 25. Bc1 Rc6 26. Rfd1 Kf8 27. Bb2 Ke8 28. Kf1 Kd7 29. Ke2 Rb6 30. Rc1 c6 31. Rd4 Rba6 32. Kd2 R8a7 33. Kc2 Rb7 34. Kb3 Rba7 35. Rg4 g6 36. Rgc4 Ra8 37. Ra1 Nb6 38. Rd1+ Nd5 39. Rh4 h5 40. g4 hxg4 41. hxg4 c5 42. g5 Rb6 43. Rc4 cxb4 44. Rxb4 Rxb4+ 45. axb4 Rb8 46. Rd4 Rh8 1-0

[Event "Oberliga Ost-A 1718"]
[Site "Germany"]
[Date "2018.02.25"]
[Round "8.5"]
[White "Schuetze, Norman"]
[Black "Pietzsch, Manuel"]
[Result "1-0"]
[WhiteElo "2282"]
[BlackElo "2109"]
[PlyCount "63"]
[EventDate "2017.10.22"]
[EventType "team-tourn"]
[EventRounds "11"]
[EventCountry "GER"]
[SourceTitle "EXT 2019"]
[Source "ChessBase"]
[SourceDate "2018.10.10"]
[SourceVersion "1"]
[SourceVersionDate "2018.10.10"]
[SourceQuality "1"]
[WhiteTeam "Loeberitz"]
[BlackTeam "Leipzig SG II"]
[WhiteTeamCountry "GER"]
[BlackTeamCountry "GER"]

1. d4 Nf6 2. c4 c5 3. d5 b5 4. cxb5 a6 5. bxa6 Bxa6 6. Nc3 g6 7. Nf3 Bg7 8. e4 Bxf1 9. Kxf1 d6 10. g3 0-0 11. Kg2 Nbd7 12. a4 Ra6 13. Re1 Qa8 14. Nb5 Qb7 15. Rb1 e6 16. dxe6 fxe6 17. Ng5 d5 18. exd5 exd5 19. Kg1 Ne4 20. Nxe4 dxe4 21. Nd6 Qc6 22. Qb3+ Kh8 23. Nf7+ Rxf7 24. Qxf7 Ne5 25. Qe7 Ra8 26. Be3 Nf3+ 27. Kg2 Nxe1+ 28. Rxe1 Qxa4 29. Qb7 Re8 30. b3 Qa5 31. Rd1 Bd4 32. Rxd4 1-0